Mary, Queen of Scots, queen without a country / (Record no. 33262)
[ view plain ]
| 000 -LEADER | |
|---|---|
| fixed length control field | 01295cam a2200361 a 4500 |
| 001 - CONTROL NUMBER | |
| control field | 12361572 |
| 003 - CONTROL NUMBER IDENTIFIER | |
| control field | OSt |
| 005 - DATE AND TIME OF LATEST TRANSACTION | |
| control field | 20140310184241.0 |
| 008 - FIXED-LENGTH DATA ELEMENTS--GENERAL INFORMATION | |
| fixed length control field | 010328s2002 nyuab c 000 1 eng |
| 010 ## - LIBRARY OF CONGRESS CONTROL NUMBER | |
| LC control number | 2001031085 |
| 020 ## - INTERNATIONAL STANDARD BOOK NUMBER | |
| International Standard Book Number | 0439194040 |
| 040 ## - CATALOGING SOURCE | |
| Original cataloging agency | DLC |
| Transcribing agency | DLC |
| Modifying agency | DLC |
| 042 ## - AUTHENTICATION CODE | |
| Authentication code | lcac |
| 050 00 - LIBRARY OF CONGRESS CALL NUMBER | |
| Classification number | PZ 7 |
| Item number | .L3274Mar 2002 |
| 100 1# - MAIN ENTRY--PERSONAL NAME | |
| Personal name | Lasky, Kathryn. |
| 9 (RLIN) | 6040 |
| 245 10 - TITLE STATEMENT | |
| Title | Mary, Queen of Scots, queen without a country / |
| Statement of responsibility, etc | by Kathryn Lasky. |
| 260 ## - PUBLICATION, DISTRIBUTION, ETC. (IMPRINT) | |
| Place of publication, distribution, etc | New York : |
| Name of publisher, distributor, etc | Scholastic, |
| Date of publication, distribution, etc | c2002. |
| 300 ## - PHYSICAL DESCRIPTION | |
| Extent | 202 p. : |
| Other physical details | ill., map ; |
| Dimensions | 20 cm. |
| 440 #0 - SERIES STATEMENT/ADDED ENTRY--TITLE | |
| Title | Royal diaries |
| 9 (RLIN) | 13106 |
| 521 ## - TARGET AUDIENCE NOTE | |
| Target audience note | |
| 526 ## - STUDY PROGRAM INFORMATION NOTE | |
| Reading level | 850 |
| 600 00 - SUBJECT ADDED ENTRY--PERSONAL NAME | |
| Personal name | Mary, |
| Titles and other words associated with a name | Queen of Scots, |
| Dates associated with a name | 1542-1587 |
| Form subdivision | Juvenile fiction. |
| 9 (RLIN) | 27319 |
| 600 01 - SUBJECT ADDED ENTRY--PERSONAL NAME | |
| Personal name | Mary, |
| Titles and other words associated with a name | Queen of Scots, |
| Dates associated with a name | 1542-1587 |
| Form subdivision | Fiction. |
| 9 (RLIN) | 27320 |
| 650 #1 - SUBJECT ADDED ENTRY--TOPICAL TERM | |
| Topical term or geographic name as entry element | Kings, queens, rulers, etc. |
| Form subdivision | Fiction. |
| 9 (RLIN) | 27321 |
| 650 #1 - SUBJECT ADDED ENTRY--TOPICAL TERM | |
| Topical term or geographic name as entry element | Diaries |
| Form subdivision | Fiction. |
| 9 (RLIN) | 27322 |
| 651 #1 - SUBJECT ADDED ENTRY--GEOGRAPHIC NAME | |
| Geographic name | France |
| General subdivision | History |
| Chronological subdivision | Henry II, 1547-1559 |
| Form subdivision | Fiction. |
| 9 (RLIN) | 27323 |
| 856 42 - ELECTRONIC LOCATION AND ACCESS | |
| Materials specified | Publisher description |
| Uniform Resource Identifier | <a href="http://www.loc.gov/catdir/enhancements/fy1203/2001031085-d.html">http://www.loc.gov/catdir/enhancements/fy1203/2001031085-d.html</a> |
| 906 ## - LOCAL DATA ELEMENT F, LDF (RLIN) | |
| a | 7 |
| b | cbc |
| c | orignew |
| d | 1 |
| e | ocip |
| f | 20 |
| g | y-gencatlg |
| 942 ## - ADDED ENTRY ELEMENTS (KOHA) | |
| Source of classification or shelving scheme | Library of Congress Classification |
| Koha item type | |
| Withdrawn status | Lost status | Source of classification or shelving scheme | Damaged status | Home library | Current library | Shelving location | Date acquired | Total Checkouts | Full call number | Barcode | Date last seen | Copy number | Price effective from | Koha item type | Source of acquisition | Total Renewals | Date checked out |
|---|---|---|---|---|---|---|---|---|---|---|---|---|---|---|---|---|---|
| Library of Congress Classification | Luxembourg Library | Luxembourg Library | Scholastic Reading Center Section | 04/10/2012 | PZ 7 .L3274Mar 2002 | LEX0624 | 04/18/2017 | 1 | 01/30/2014 | Books | |||||||
| Library of Congress Classification | Luxembourg Library | Luxembourg Library | Scholastic Reading Center Section | 10/10/2013 | 1 | PZ 7 .L3274Mar 2002 | LEX0625 | 09/15/2017 | 2 | 10/10/2013 | Books | Donation | 1 | 08/18/2017 |